[Event "?"]
[Site "?"]
[Date "2014.08.02"]
[Round "2.15"]
[White "Vjazner, Lilian"]
[Black "Siepen, Ralf"]
[Result "0-1"]
[WhiteElo "1363"]
[BlackElo "1522"]
[PlyCount "118"]
[EventDate "2015.??.??"]
[WhiteTeam "Klub Kölner SF e.V. 1"]
[BlackTeam "SC Bayer Uerdingen 1923"]

1. e4 d5 2. exd5 Qxd5 3. Nc3 Qd6 4. d4 Nf6 5. Nf3 a6 6. Bc4 b5 7. Bb3 e6 8. O-O
Bb7 9. Re1 Be7 10. Be3 O-O 11. Ne5 Nc6 12. Nxc6 Qxc6 13. f3 Rad8 14. Ne2 Bd6
15. Nf4 Ng4 16. Qd2 Nxe3 17. Qxe3 Rfe8 18. Nd3 Qb6 19. c3 Be7 20. Ne5 c5 21.
Rad1 cxd4 22. cxd4 Bd5 23. Bxd5 Rxd5 24. Kf1 Red8 25. Qf4 f6 26. Ng4 Rxd4 27.
Rxd4 Rxd4 28. Qe3 e5 29. Rc1 Bc5 30. Qb3+ Kf8 31. Ne3 Rd8 32. Nd5 Qd6 33. Rd1
Bd4 34. Nc3 Qc6 35. Qb4+ Ke8 36. a4 Qc4+ 37. Qxc4 bxc4 38. Rb1 Rb8 39. Ne4 Ke7
40. Ke2 Rxb2+ 41. Rxb2 Bxb2 42. Kd2 Bd4 43. Kc2 Ke6 44. Nc3 f5 45. g3 Bxc3 46.
Kxc3 Kd5 47. h3 a5 48. g4 f4 49. h4 e4 50. fxe4+ Kxe4 51. Kxc4 f3 52. Kb5 f2
53. Kxa5 f1=Q 54. Kb6 Qb1+ 55. Kc5 Qb7 56. a5 Kf4 57. g5 Kg4 58. g6 hxg6 59. a6
Qxa6 0-1

[Event "?"]
[Site "?"]
[Date "2014.08.02"]
[Round "2.16"]
[White "Smets, Heike"]
[Black "Pohl, Stefan"]
[Result "1/2-1/2"]
[WhiteElo "1345"]
[BlackElo "1506"]
[PlyCount "106"]
[EventDate "2015.??.??"]
[WhiteTeam "Pulheimer Sport-Club 1924/57 e.V"]
[BlackTeam "Klub Kölner SF e.V. 1"]

1. d4 d5 2. Bf4 Nf6 3. e3 c6 4. c4 e6 5. Nf3 Nbd7 6. Nc3 Qa5 7. a3 Ne4 8. Qc1
Ndf6 9. b4 Bxb4 10. axb4 Qxb4 11. Ra3 dxc4 12. Be2 b5 13. O-O O-O 14. Nxe4 Nxe4
15. Ne5 Bb7 16. Rd1 a5 17. Bf3 c5 18. Bxe4 Bxe4 19. Nd7 Rfc8 20. Nxc5 Bc2 21.
Rd2 Bb3 22. Bd6 Rc6 23. Ne4 Rxd6 24. Nxd6 Qxd6 25. Ra1 b4 26. Rb2 a4 27. Qb1 h6
28. Qe4 Ra7 29. Qb1 Qd5 30. Qe1 c3 31. Rbb1 Qc4 32. Qf1 Qxf1+ 33. Kxf1 Rc7 34.
Ke1 Kf8 35. Rc1 Ke7 36. Rab1 Kd6 37. Ke2 Kd5 38. Kd3 Bc4+ 39. Kc2 b3+ 40. Kxc3
a3 41. Kb4 b2 42. Rxc4 Rxc4+ 43. Kxa3 Ke4 44. Kxb2 Kd3 45. Kb3 Rc3+ 46. Kb4 Rc2
47. Rb3+ Ke2 48. f4 Kf2 49. g4 Re2 50. Kc5 Rxe3 51. Rb7 Kf3 52. Rxf7 Kxg4 53.
Rxg7+ Kxf4 1/2-1/2

[Event "?"]
[Site "?"]
[Date "2014.08.02"]
[Round "2.17"]
[White "Sewald, Richard"]
[Black "Klein, Markus"]
[Result "1-0"]
[WhiteElo "1501"]
[BlackElo "1337"]
[PlyCount "39"]
[EventDate "2015.??.??"]
[WhiteTeam "SG Porz e.V."]
[BlackTeam "Ford SF Köln e.V."]

1. Nf3 d6 2. d3 e5 3. g3 Bd7 4. Bg2 Bc6 5. O-O Be7 6. Nc3 Nf6 7. h3 O-O 8. e4
Ne8 9. Be3 f5 10. exf5 Rxf5 11. d4 Bf6 12. g4 Rxf3 13. Bxf3 exd4 14. Bxd4 Bxd4
15. Qxd4 Bxf3 16. Qf4 Bc6 17. Rfe1 h6 18. a3 Nd7 19. b4 b6 20. Qc4+ 1-0

[Event "?"]
[Site "?"]
[Date "2014.08.02"]
[Round "2.19"]
[White "Righi, Sofian"]
[Black "Asadzade, Idris"]
[Result "0-1"]
[WhiteElo "1200"]
[BlackElo "1467"]
[PlyCount "44"]
[EventDate "2015.??.??"]
[WhiteTeam "Düsseldorfer SK 14/25 e."]
[BlackTeam "SVigung 1919 Königsspr"]

1. d4 Nf6 2. c4 e5 3. d5 c6 4. Nc3 Bc5 5. e4 Qb6 6. Qf3 d6 7. h3 Na6 8. a3 Bd4
9. Nge2 Nc5 10. Be3 Qxb2 11. Rb1 Bxc3+ 12. Nxc3 Qxc3+ 13. Bd2 Qc2 14. Rc1 Qxe4+
15. Qxe4 Nfxe4 16. Be3 Bf5 17. g4 Bg6 18. h4 h6 19. h5 Bh7 20. f3 Ng3 21. Rg1
Nxf1 22. Rxf1 Nd3+ 0-1

[Event "?"]
[Site "?"]
[Date "2014.08.02"]
[Round "2.20"]
[White "Lin, David"]
[Black "Sewald, Kathrin"]
[Result "0-1"]
[WhiteElo "1146"]
[BlackElo "1464"]
[PlyCount "74"]
[EventDate "2015.??.??"]
[WhiteTeam "Klub Kölner SF e.V. 1"]
[BlackTeam "SG Porz e.V."]

1. e4 e5 2. Nf3 Nc6 3. Nc3 Nf6 4. Bc4 Bc5 5. d3 h6 6. Be3 Bb6 7. O-O d6 8. h3
Be6 9. Bb3 Qd7 10. Na4 Rg8 11. Nxb6 axb6 12. Bxe6 Qxe6 13. a3 g5 14. Nh2 h5 15.
Kh1 g4 16. h4 Nd7 17. g3 d5 18. f3 dxe4 19. fxe4 O-O-O 20. Rf5 Rh8 21. Qd2 Ne7
22. Rf2 f6 23. Qc3 Rdf8 24. Nf1 Rhg8 25. Kg2 f5 26. Nd2 f4 27. gxf4 g3 28. Rf3
Ng6 29. Rh1 Qg4 30. Rxg3 Nxh4+ 31. Rxh4 Qxg3+ 32. Kf1 Qxh4 33. Nf3 Qh1+ 34. Ng1
Rxf4+ 35. Bxf4 Qxg1+ 36. Ke2 Rg2+ 37. Kf3 Qf2# 0-1

[Event "?"]
[Site "?"]
[Date "2014.08.02"]
[Round "2.21"]
[White "Hoferichter, Michael"]
[Black "Baltic, Sara"]
[Result "1-0"]
[WhiteElo "1271"]
[BlackElo "902"]
[PlyCount "33"]
[EventDate "2015.??.??"]
[WhiteTeam "Klub Kölner SF e.V. 1"]
[BlackTeam "SG Porz e.V."]

1. d4 d5 2. Nf3 Nf6 3. e3 e6 4. Bd3 Nbd7 5. c4 c6 6. Nc3 Bd6 7. O-O Qc7 8. e4
b6 9. e5 Nxe5 10. dxe5 Bxe5 11. Nxe5 Qxe5 12. Re1 Qd6 13. Bg5 h6 14. Bxf6 gxf6
15. cxd5 Rg8 16. dxc6 Ke7 17. Qf3 1-0

[Event "?"]
[Site "?"]
[Date "2014.08.02"]
[Round "2.23"]
[White "Jehnen, Kimberley"]
[Black "Jansen, Kurt"]
[Result "1/2-1/2"]
[WhiteElo "1060"]
[BlackElo "1411"]
[PlyCount "101"]
[EventDate "2015.??.??"]
[WhiteTeam "SV Fideler Bauer Lever"]
[BlackTeam "Ford SF Köln e.V."]

1. e4 e6 2. d4 Ne7 3. Nc3 c6 4. Bd3 d5 5. e5 Nd7 6. f4 c5 7. Nf3 c4 8. Be2 Nf5
9. g4 Nh4 10. g5 Nxf3+ 11. Bxf3 Bb4 12. Bd2 Bxc3 13. Bxc3 a5 14. Bg4 b6 15. Qe2
b5 16. a3 Nb6 17. Qd2 Na4 18. h4 Nxc3 19. bxc3 Qe7 20. h5 Qf8 21. Qe2 g6 22.
hxg6 hxg6 23. Rxh8 Qxh8 24. Qg2 Qh4+ 25. Kf1 Ke7 26. Qh3 Qxh3+ 27. Bxh3 Bd7 28.
Bg4 Rh8 29. Kg2 Kd8 30. Ra2 Kc7 31. Ra1 Kb6 32. Kg3 b4 33. cxb4 axb4 34. axb4
Bb5 35. c3 Rb8 36. Ra5 Rb7 37. Ra1 Ra7 38. Rxa7 Kxa7 39. Bh3 Ba4 40. Kf3 Bc2
41. Kg3 Kb6 42. Kf2 Ba4 43. Ke2 Bc6 44. Kd2 Kb5 45. Bg4 Ka4 46. Bd1+ Ka3 47.
Bc2 Kb2 48. Bd1 Ka2 49. Be2 Ba4 50. Bf3 Kb2 51. Be2 1/2-1/2

[Event "?"]
[Site "?"]
[Date "2014.08.02"]
[Round "2.24"]
[White "Scheffler, Jürgen"]
[Black "Jakob, Gudrun"]
[Result "0-1"]
[WhiteElo "1306"]
[BlackElo "1050"]
[PlyCount "91"]
[EventDate "2015.??.??"]
[WhiteTeam "SC 1948 Prüm"]
[BlackTeam "Klub Kölner SF e.V. 1"]

1. d4 d6 2. c4 Nd7 3. Nf3 c5 4. d5 Nb6 5. e4 e5 6. Nc3 Nf6 7. b3 Bg4 8. h3 Bh5
9. Be2 Be7 10. O-O O-O 11. Nh2 Bg6 12. Bf3 Nbd7 13. Ng4 Rb8 14. a4 Qb6 15. Re1
a5 16. Nb5 Ne8 17. Bd2 f5 18. exf5 Bxf5 19. Be4 Bxe4 20. Rxe4 Nef6 21. Nxf6+
Nxf6 22. Re2 Nd7 23. Qe1 Ra8 24. Re3 Bf6 25. Rb1 Bh4 26. Re2 Nf6 27. g3 Bxg3
28. fxg3 Nh5 29. Rg2 Qd8 30. Qe2 Nf6 31. Bg5 b6 32. Rf1 h6 33. Bxf6 Rxf6 34.
Rgf2 Rxf2 35. Rxf2 Qg5 36. Qf3 Rd8 37. Kg2 h5 38. h4 Qg6 39. Nc7 e4 40. Qe3 Rd7
41. Ne6 Rf7 42. Rxf7 Kxf7 43. Ng5+ Kg8 44. Nxe4 Kh8 45. Qf4 Kg8 46. Nxd6 {
Notationen lückenhaft und nicht nachvollziehbar} 0-1

[Event "?"]
[Site "?"]
[Date "2014.08.02"]
[Round "2.25"]
[White "Wilde, Christian"]
[Black "Köllner, Aaron Noah"]
[Result "1-0"]
[WhiteElo "1248"]
[BlackElo "922"]
[PlyCount "85"]
[EventDate "2015.??.??"]
[WhiteTeam "SF Köln-Longerich 195"]
[BlackTeam "SV Bergneustadt/Dersch"]

1. c4 c5 2. g3 Nf6 3. Nc3 Nc6 4. Bg2 e6 5. e4 Be7 6. Nge2 e5 7. a3 d6 8. h3 Nd4
9. Nxd4 cxd4 10. Nd5 O-O 11. Nxe7+ Qxe7 12. d3 Be6 13. b4 Nd7 14. h4 a5 15. Bg5
f6 16. Bd2 axb4 17. Bxb4 Nc5 18. Bh3 Bxh3 19. Rxh3 Qf7 20. g4 g6 21. Rf3 Qd7
22. Rg3 Qe7 23. Rh3 f5 24. gxf5 gxf5 25. Rg3+ Kf7 26. Qh5+ Ke6 27. Bxc5 dxc5
28. Qh6+ Kd7 29. Rg7 Rf7 30. Rxf7 Qxf7 31. exf5 Qxf5 32. Rb1 Ra6 33. Rxb7+ Ke8
34. Qxa6 Qc8 35. Qb5+ Kd8 36. Rxh7 Qg4 37. Qb8+ Qc8 38. Rh8+ Ke7 39. Qxc8 Kf6
40. Qxc5 Kf5 41. h5 Kg4 42. Qxe5 Kf3 43. Qe4# 1-0

[Event "?"]
[Site "?"]
[Date "2014.08.02"]
[Round "2.26"]
[White "Yu, Moyi"]
[Black "Schröter, Sophie"]
[Result "0-1"]
[WhiteElo "918"]
[BlackElo "1202"]
[PlyCount "102"]
[EventDate "2015.??.??"]
[WhiteTeam "Klub Kölner SF e.V. 1"]
[BlackTeam "SG Porz e.V."]

1. d4 d5 2. c4 dxc4 3. e4 Nc6 4. Nf3 Bg4 5. Bxc4 Nxd4 6. Bf4 Nxf3+ 7. gxf3
Qxd1+ 8. Kxd1 Bxf3+ 9. Ke1 Bxh1 10. Nc3 O-O-O 11. Ke2 Bxe4 12. Nxe4 Rd4 13. Bd3
f5 14. Ng5 Nh6 15. Be5 Rd5 16. f4 Ng4 17. Nf7 Rg8 18. Bc4 Rc5 19. Be6+ Kb8 20.
Rd1 Rc2+ 21. Ke1 b6 22. Bd5 Ne3 23. Rd4 Nxd5 24. Rxd5 g6 25. Rd8+ Kb7 26. Ng5
Rxh2 27. Ne6 h5 28. Nxf8 h4 29. Kf1 h3 30. Kg1 Rg2+ 31. Kh1 Re2 32. Bd4 Rd2 33.
Ne6 Rxd8 34. Nxd8+ Kc8 35. Ne6 Kd7 36. Bc3 Rd1+ 37. Kh2 Kxe6 38. Kxh3 Rd3+ 39.
Kh4 Rxc3 40. bxc3 Kd5 41. Kg5 Ke4 42. a4 e5 43. fxe5 Kxe5 44. Kxg6 f4 45. Kf7
f3 46. Ke7 f2 47. Kd7 f1=Q 48. Kxc7 Qc4+ 49. Kb7 Qxa4 50. c4 Qxc4 51. Kxa7 b5
0-1

[Event "?"]
[Site "?"]
[Date "2014.08.02"]
[Round "2.27"]
[White "Mennicken, Leonardo"]
[Black "Jehnen, Timo"]
[Result "0-1"]
[WhiteElo "1080"]
[BlackElo "919"]
[PlyCount "150"]
[EventDate "2015.??.??"]
[WhiteTeam "Klub Kölner SF e.V. 1"]
[BlackTeam "SV Fideler Bauer Lever"]

1. d4 d5 2. c4 e6 3. Nc3 Nf6 4. Nf3 b6 5. Bg5 Be7 6. e3 Bb7 7. Bd3 O-O 8. O-O
c5 9. Ne5 cxd4 10. exd4 Nc6 11. Re1 Nxd4 12. Ne2 dxc4 13. Nxc4 Nxe2+ 14. Qxe2
Qd5 15. Qf3 Qxf3 16. gxf3 Bxf3 17. Re3 Bc6 18. Rg3 Rfe8 19. Rc1 Nh5 20. Be3
Nxg3 21. hxg3 Red8 22. Be2 Bf6 23. b4 Bd5 24. Nd2 Bxa2 25. Nf3 Bb2 26. Rc2 Ba3
27. Rxa2 Bxb4 28. Nd4 Rd7 29. Bf3 Rc8 30. Nb5 Bc5 31. Nxa7 Rcd8 32. Nc6 Rc8 33.
Rc2 Bxe3 34. Ne7+ Kf8 35. Nxc8 Bc5 36. Rb2 e5 37. Nxb6 Bxb6 38. Rxb6 f6 39. Kg2
h6 40. Kh3 Kf7 41. Bg4 Re7 42. Rb3 Kg6 43. Rf3 Rc7 44. Bf5+ Kg5 45. g4 Rc4 46.
Kg3 Rf4 47. Rxf4 exf4+ 48. Kf3 g6 49. Be6 f5 50. gxf5 gxf5 51. Bf7 h5 52. Bxh5
Kxh5 53. Kxf4 Kg6 54. Ke5 Kg5 55. f4+ Kg4 56. Kd4 Kxf4 57. Kd3 Kf3 58. Kd2 Kf2
59. Kd1 Kg2 60. Ke2 f4 61. Ke1 f3 62. Kd1 f2 63. Ke2 f1=R 64. Ke3 Kg3 65. Ke2
Kg2 66. Ke3 Rf2 67. Kd4 Re2 68. Kd3 Kf3 69. Kd4 Re1 70. Kd5 Kf4 71. Kd4 Rd1+
72. Kc3 Ke4 73. Kc2 Rd8 74. Kc1 Ke3 75. Kc2 Rd7 0-1

[Event "?"]
[Site "?"]
[Date "2014.08.02"]
[Round "2.28"]
[White "Mag, Martina"]
[Black "Schröter, Heinz-Jürgen"]
[Result "1-0"]
[WhiteElo "900"]
[BlackElo "1074"]
[PlyCount "21"]
[EventDate "2015.??.??"]
[WhiteTeam "Ford SF Köln e.V."]
[BlackTeam "SV Horrem"]

1. e4 e5 2. Nf3 Nc6 3. Bc4 Bc5 4. c3 Nf6 5. d4 Bb6 6. dxe5 Nxe4 7. Qd5 Bxf2+ 8.
Kf1 O-O 9. Qxe4 Bb6 10. Bd3 Qe7 11. Qxh7# 1-0

[Event "?"]
[Site "?"]
[Date "2014.08.02"]
[Round "2.18"]
[White "Köllner, Ruben Gideon"]
[Black "Radovinski, Jewgeni"]
[Result "0-1"]
[WhiteElo "1297"]
[BlackElo "1501"]
[PlyCount "174"]
[EventDate "2015.??.??"]
[WhiteTeam "SV Bergneustadt/Dersch"]
[BlackTeam "SG Porz e.V."]

1. d4 Nf6 2. Nf3 g6 3. e3 d5 4. Nbd2 Nc6 5. c3 a6 6. Bd3 Bg7 7. O-O O-O 8. Re1
Re8 9. e4 dxe4 10. Nxe4 Bg4 11. h3 Nxe4 12. Bxe4 Bd7 13. h4 Bg4 14. Qd2 f5 15.
Bc2 e6 16. Qg5 Bf6 17. Qf4 Bxf3 18. Qxf3 Bxh4 19. Bh6 Bg5 20. Qh3 Qf6 21. Bb3
Bxh6 22. Qxh6 Na5 23. f4 Nxb3 24. axb3 Qg7 25. Qxg7+ Kxg7 26. Re3 Re7 27. Kf2
h6 28. Rae1 Rae8 29. Kf3 g5 30. g3 Kf6 31. Rh1 g4+ 32. Kf2 Rh8 33. Re5 h5 34.
d5 exd5 35. Rxd5 Kg6 36. Rhd1 h4 37. gxh4 Rxh4 38. Rd7 Kf6 39. Rxe7 Kxe7 40.
Re1+ Kf7 41. Kg2 Rh3 42. Rd1 Ke7 43. Re1+ Kf6 44. Re8 Rd3 45. Rf8+ Ke6 46. Re8+
Kf7 47. Rb8 Rd2+ 48. Kg3 b6 49. Rb7 Rd7 50. b4 Ke6 51. Ra7 Rd3+ 52. Kg2 Rd2+
53. Kg3 Kd6 54. Rxa6 Rxb2 55. Ra8 Rb3 56. Kg2 Rxc3 57. Rf8 Ke6 58. Re8+ Kf7 59.
Rh8 Kg7 60. Rh5 Kg6 61. Rh8 Rc4 62. Rg8+ Kf7 63. Rh8 Rxf4 64. Rh7+ Ke6 65. Rxc7
Rxb4 66. Rc6+ Ke5 67. Rc8 Kf4 68. Rh8 Rb2+ 69. Kf1 Kf3 70. Ke1 g3 71. Rh3 Kg4
72. Rh8 g2 73. Rg8+ Kf3 74. Rg7 g1=Q+ 75. Rxg1 Rb1+ 76. Kd2 Rxg1 77. Kc3 Ke3
78. Kb4 f4 79. Kb5 f3 80. Kxb6 Rc1 81. Ka5 Rb1 82. Ka4 Kd3 83. Ka3 Kc3 84. Ka2
f2 85. Kxb1 f1=Q+ 86. Ka2 Qe2+ 87. Ka3 Qa6# 0-1

[Event "?"]
[Site "?"]
[Date "2014.08.02"]
[Round "3.1"]
[White "Knütter, Helmut"]
[Black "Liebsch, Ulrich"]
[Result "1/2-1/2"]
[WhiteElo "1647"]
[BlackElo "1669"]
[PlyCount "32"]
[EventDate "2015.??.??"]
[WhiteTeam "Ford SF Köln e.V."]
[BlackTeam "SC Bayer Leverkusen e.V."]

1. e4 d5 2. exd5 Qxd5 3. Nc3 Qa5 4. d4 c6 5. Be2 Nf6 6. Nf3 Bg4 7. h3 Bxf3 8.
Bxf3 e6 9. O-O Bd6 10. Ne2 Nbd7 11. c3 O-O 12. Bf4 Qc7 13. Qd2 Bxf4 14. Qxf4
Qxf4 15. Nxf4 Rad8 16. Nd3 Nd5 1/2-1/2

[Event "?"]
[Site "?"]
[Date "2014.08.02"]
[Round "3.2"]
[White "Sewald, Kathrin"]
[Black "Lechner, Alexander"]
[Result "1/2-1/2"]
[WhiteElo "1464"]
[BlackElo "1666"]
[PlyCount "117"]
[EventDate "2015.??.??"]
[WhiteTeam "SG Porz e.V."]
[BlackTeam "SG Porz e.V."]

1. e4 c6 2. d4 d5 3. exd5 cxd5 4. Be3 Nf6 5. Be2 Bf5 6. Nd2 e6 7. c3 Bd6 8. Bg5
Nbd7 9. Ngf3 h6 10. Bh4 Qc7 11. O-O a6 12. Bg3 Bxg3 13. hxg3 O-O 14. Nh2 e5 15.
Nhf3 e4 16. Ne1 Rae8 17. Nc2 Nb6 18. Ne3 Bd7 19. Rc1 Na4 20. Qc2 b5 21. b3 Nb6
22. Qb2 Rc8 23. Rc2 Be6 24. Qa3 Qb7 25. Rb1 Rc6 26. Rcc1 Rfc8 27. c4 Qc7 28. c5
Nbd7 29. b4 Nb8 30. Nb3 Qd7 31. Na5 R6c7 32. Qb2 Ng4 33. Bxg4 Bxg4 34. a3 Be6
35. Qd2 Nc6 36. Nxc6 Rxc6 37. Nd1 Bf5 38. Qe3 Rg6 39. Nc3 Be6 40. Ne2 f5 41.
Nf4 Rf6 42. Nh5 Rff8 43. Nf4 g5 44. Ng6 Rf6 45. Ne5 Qg7 46. Kf1 f4 47. Qc3 fxg3
48. Qxg3 Rcf8 49. Rc2 h5 50. Kg1 h4 51. Qe3 g4 52. Kh1 g3 53. f3 exf3 54. Nxf3
Bf5 55. Rbb2 Bxc2 56. Rxc2 h3 57. Rc3 hxg2+ 58. Kxg2 Rh6 59. Rd3 1/2-1/2

[Event "?"]
[Site "?"]
[Date "2014.08.02"]
[Round "3.3"]
[White "Theißen, Frank"]
[Black "Kolbasnikov, Igor"]
[Result "1-0"]
[WhiteElo "1740"]
[BlackElo "1393"]
[PlyCount "51"]
[EventDate "2015.??.??"]
[WhiteTeam "Turnverein Borken 1922 e.V."]
[BlackTeam "SF Köln-Longerich 195"]

1. e4 e5 2. Nf3 Nc6 3. d4 exd4 4. Nxd4 Bc5 5. Nb3 Bb6 6. Nc3 Nf6 7. Bg5 h6 8.
Bh4 Qe7 9. Qe2 g5 10. Bg3 d6 11. O-O-O Be6 12. h3 O-O-O 13. Kb1 Na5 14. Nd4 Bc4
15. Qf3 Bxf1 16. Rhxf1 h5 17. Rfe1 Nc4 18. Qf5+ Nd7 19. Nd5 Qf8 20. Qxg5 f6 21.
Qf4 Ba5 22. b4 Bxb4 23. Nxb4 c5 24. Nb5 cxb4 25. Nxd6+ Nxd6 26. Rxd6 1-0

[Event "?"]
[Site "?"]
[Date "2014.08.02"]
[Round "3.4"]
[White "Kronseder, Michael"]
[Black "Andrijenko, Anatoliy"]
[Result "0-1"]
[WhiteElo "1581"]
[BlackElo "1725"]
[PlyCount "44"]
[EventDate "2015.??.??"]
[WhiteTeam "SV 1925 Hürth-Berrenra"]
[BlackTeam "SF Köln-Longerich 195"]

1. e4 c5 2. Nf3 g6 3. Bc4 Bg7 4. O-O Nc6 5. c3 e6 6. d4 d5 7. exd5 exd5 8. Bb5
cxd4 9. Nxd4 Nge7 10. Bg5 Bd7 11. Re1 f6 12. Bf4 Nxd4 13. Bxd7+ Qxd7 14. Qxd4
O-O 15. Na3 g5 16. Qc5 Nf5 17. Bg3 Rfd8 18. Rad1 h5 19. f3 Bf8 20. Qb5 Nxg3 21.
hxg3 Bxa3 22. Qxd7 Bc5+ 0-1

[Event "?"]
[Site "?"]
[Date "2014.08.02"]
[Round "3.6"]
[White "Plitt, Stefan"]
[Black "Schwab, Wolfgang"]
[Result "1/2-1/2"]
[WhiteElo "1655"]
[BlackElo "1692"]
[PlyCount "79"]
[EventDate "2015.??.??"]
[WhiteTeam "SV Grünfeld e.V."]
[BlackTeam "SV Turm Sankt Augustin"]

1. c4 c5 2. g3 e6 3. Bg2 Nf6 4. Nf3 d6 5. Nc3 a6 6. d3 Be7 7. O-O Nbd7 8. Bg5
h6 9. Bd2 Qc7 10. a3 Rb8 11. b4 b5 12. cxb5 axb5 13. Ne4 Nxe4 14. dxe4 Bf6 15.
Ra2 c4 16. Qc2 Nb6 17. Bc3 e5 18. Nd2 Be6 19. f4 Na4 20. f5 Qa7+ 21. Kh1 Bd7
22. Nb1 Bc6 23. Bd2 O-O 24. Nc3 Nxc3 25. Qxc3 Qd4 26. e3 Qxc3 27. Bxc3 Rfd8 28.
Kg1 Rb7 29. Re1 Be7 30. Kf2 f6 31. g4 Ra7 32. Ke2 Rda8 33. Rea1 Kf7 34. Kf2 Bd7
35. h3 Bc8 36. Bf3 Bb7 37. Bg2 Ra6 38. Bf3 g6 39. Bh1 gxf5 40. gxf5 1/2-1/2

[Event "?"]
[Site "?"]
[Date "2014.08.02"]
[Round "3.7"]
[White "Hoferichter, Michael"]
[Black "Margenberg, Volker"]
[Result "0-1"]
[WhiteElo "1271"]
[BlackElo "1655"]
[PlyCount "102"]
[EventDate "2015.??.??"]
[WhiteTeam "Klub Kölner SF e.V. 1"]
[BlackTeam "SV Wiehl 1923 e.V."]

1. d4 Nf6 2. c4 g6 3. Nc3 Bg7 4. e4 d6 5. Nf3 O-O 6. h3 e5 7. d5 a5 8. a4 Na6
9. Bg5 h6 10. Be3 Ne8 11. Bd3 Qe7 12. Qc1 Kh7 13. h4 Nb4 14. Bb1 f5 15. Ke2 f4
16. Bd2 Bg4 17. Na2 Nxa2 18. Rxa2 Bf6 19. Ra3 Bxh4 20. Be1 Bf6 21. Kd2 g5 22.
Qd1 Bd7 23. Kc1 Kg7 24. Nd2 Rh8 25. Qh5 Qf7 26. Qxf7+ Kxf7 27. Nf3 Ng7 28. Bd3
b6 29. Be2 g4 30. Nh4 Bg5 31. Kb1 h5 32. Bd2 Rag8 33. Bd1 Ne8 34. g3 Nf6 35.
gxf4 exf4 36. Bc2 Rh6 37. Nf5 Rhg6 38. Nd4 Re8 39. Ne6 Bxe6 40. dxe6+ Rxe6 41.
e5 dxe5 42. Bxg6+ Kxg6 43. Rd3 e4 44. Rd8 e3 45. fxe3 fxe3 46. Bc3 e2 47. Be1
Re4 48. b3 h4 49. Rd3 g3 50. Rg1 Rf4 51. Re3 Rf1 0-1

[Event "?"]
[Site "?"]
[Date "2014.08.02"]
[Round "3.8"]
[White "Schröter, Ron"]
[Black "Auschkalnis, Reinhard"]
[Result "0-1"]
[WhiteElo "1401"]
[BlackElo "1689"]
[PlyCount "80"]
[EventDate "2015.??.??"]
[WhiteTeam "SG Porz e.V."]
[BlackTeam "SC Bonn Beuel"]

1. e4 c6 2. d4 d5 3. exd5 cxd5 4. Nf3 Bg4 5. Bb5+ Nc6 6. O-O a6 7. Bxc6+ bxc6
8. Qd3 Bxf3 9. Qxf3 Qb6 10. c3 Nf6 11. Nd2 e6 12. Nb3 a5 13. Nc5 Bxc5 14. dxc5
Qxc5 15. Bh6 O-O 16. Qg3 Ne8 17. Rae1 Kh8 18. Be3 Qb5 19. b3 Rg8 20. f4 Nf6 21.
f5 Rae8 22. Bd4 Ne4 23. Qf4 c5 24. fxe6 fxe6 25. c4 Qd7 26. Bxc5 Nxc5 27. Qd4
Nb7 28. Rf2 Rgf8 29. Rd2 Nd8 30. Qg4 Qf7 31. Qh4 dxc4 32. Red1 cxb3 33. axb3
Nc6 34. Rd7 Qf6 35. Qg3 Nb4 36. Ra7 Ra8 37. Rc7 Nd5 38. Rc4 Kg8 39. Rg4 Rac8
40. Rc4 Nc3 0-1

[Event "?"]
[Site "?"]
[Date "2014.08.02"]
[Round "3.9"]
[White "Joerres, Till"]
[Black "Pislaru, Marius"]
[Result "1-0"]
[WhiteElo "1639"]
[BlackElo "1397"]
[PlyCount "57"]
[EventDate "2015.??.??"]
[WhiteTeam "SVigung Düren 13 Deric"]
[BlackTeam "SG Porz e.V."]

1. e4 e6 2. d4 d5 3. Nd2 Nf6 4. e5 Nfd7 5. Bd3 c5 6. c3 Nc6 7. Ne2 cxd4 8. cxd4
Be7 9. O-O O-O 10. Nf3 f6 11. Nf4 Nb6 12. Bb1 fxe5 13. dxe5 Nc4 14. Qd3 g6 15.
Nxg6 Nb4 16. Nxe7+ Qxe7 17. Qd4 Qg7 18. Kh1 b6 19. Qh4 Qf7 20. b3 Na5 21. Qxb4
Ba6 22. Re1 Nc6 23. Qh4 Rac8 24. Ng5 Qe7 25. Ba3 Qd7 26. Bxf8 Rxf8 27. Nxh7 Rf7
28. Nf6+ Rxf6 29. Qxf6 1-0

[Event "?"]
[Site "?"]
[Date "2014.08.02"]
[Round "3.10"]
[White "van der Valk, Reiner"]
[Black "Spindler, Florian"]
[Result "0-1"]
[WhiteElo "1400"]
[BlackElo "1626"]
[PlyCount "60"]
[EventDate "2015.??.??"]
[WhiteTeam "SG Nettetal 1929"]
[BlackTeam "SG Porz e.V."]

1. e4 c5 2. Nc3 e6 3. f4 Nc6 4. Bb5 Nge7 5. Nf3 a6 6. Bxc6 Nxc6 7. d3 b5 8. a3
Bb7 9. O-O Be7 10. Qe1 Qc7 11. Be3 O-O-O 12. d4 cxd4 13. Nxd4 h5 14. Qf2 h4 15.
Nxc6 Qxc6 16. Bb6 Rdg8 17. Qd4 f5 18. Rae1 h3 19. g3 g5 20. fxg5 Bxg5 21. Qc5
Qxc5+ 22. Bxc5 Bd2 23. Bd4 Rh7 24. Re2 Bxc3 25. Bxc3 Bxe4 26. Be5 d5 27. c3 Bd3
28. Kf2 Rg4 29. Ke3 Bxe2 30. Kxe2 Re4+ 0-1

[Event "?"]
[Site "?"]
[Date "2014.08.02"]
[Round "3.11"]
[White "Rey, Thorsten"]
[Black "Seibt, Sascha"]
[Result "0-1"]
[WhiteElo "1359"]
[BlackElo "1613"]
[PlyCount "58"]
[EventDate "2015.??.??"]
[WhiteTeam "Klub Kölner SF e.V. 1"]
[BlackTeam "DJK Aufwärts St. Josef Aachen 19"]

1. e4 c5 2. Nf3 d6 3. d4 cxd4 4. Nxd4 Nf6 5. Nc3 a6 6. Be2 e5 7. Nb3 Nc6 8. Nd5
Nxe4 9. O-O Be7 10. Re1 O-O 11. Bd3 Nf6 12. Nxf6+ Bxf6 13. Nd2 Nb4 14. Ne4 Be7
15. Be3 d5 16. Ng3 f5 17. f4 d4 18. Bd2 e4 19. Bc4+ Kh8 20. a3 Nc6 21. b4 b5
22. Bb3 a5 23. c3 axb4 24. cxb4 g6 25. Ra2 Bf6 26. Nh1 Re8 27. Bc1 Qb6 28. Rae2
d3+ 29. Be3 dxe2 0-1

[Event "?"]
[Site "?"]
[Date "2014.08.02"]
[Round "3.12"]
[White "Ipekyilmaz, Tayfun"]
[Black "Vjazner, Lilian"]
[Result "1/2-1/2"]
[WhiteElo "1603"]
[BlackElo "1363"]
[PlyCount "71"]
[EventDate "2015.??.??"]
[WhiteTeam "Langenfelder SF 1933"]
[BlackTeam "Klub Kölner SF e.V. 1"]

1. e4 c5 2. f4 d6 3. Nc3 g6 4. Nf3 Bg7 5. Bb5+ Bd7 6. Bxd7+ Qxd7 7. Qe2 Nc6 8.
d3 Nf6 9. Bd2 O-O 10. O-O-O Rfe8 11. h3 d5 12. Ne5 Nxe5 13. fxe5 d4 14. exf6
dxc3 15. Bxc3 Bxf6 16. Bxf6 exf6 17. Qf2 Qe6 18. Qxc5 Qxa2 19. Qa3 Qxa3 20.
bxa3 Rac8 21. Rhf1 Rc3 22. Rxf6 Rxa3 23. Rdf1 Ra1+ 24. Kb2 Rxf1 25. Rxf1 Re6
26. c3 f6 27. g4 h6 28. h4 Kf7 29. g5 hxg5 30. hxg5 Ke7 31. gxf6+ Rxf6 32. Rg1
Re6 33. Rg4 Kf6 34. d4 b5 35. Kb3 a5 36. c4 1/2-1/2

[Event "?"]
[Site "?"]
[Date "2014.08.02"]
[Round "3.13"]
[White "Klein, Markus"]
[Black "Pislaru, Adrian"]
[Result "0-1"]
[WhiteElo "1337"]
[BlackElo "1569"]
[PlyCount "54"]
[EventDate "2015.??.??"]
[WhiteTeam "Ford SF Köln e.V."]
[BlackTeam "SG Porz e.V."]

1. e4 e6 2. d3 d5 3. exd5 exd5 4. Be2 Nf6 5. Bf3 Be7 6. Nd2 O-O 7. Nb3 Re8 8.
Ne2 Nc6 9. O-O Ne5 10. Nc3 Nxf3+ 11. Qxf3 Bg4 12. Qg3 c5 13. Bg5 Bh5 14. f3 b6
15. Rad1 Bg6 16. Rfe1 Qd7 17. Qf2 d4 18. Ne2 Ng4 19. Qh4 Bxg5 20. Qxg5 Ne3 21.
Rc1 h6 22. Qg3 Re6 23. Nd2 Bh7 24. Nf4 Rf6 25. Nc4 Nxc4 26. dxc4 d3 27. cxd3
Qd4+ 0-1

[Event "?"]
[Site "?"]
[Date "2014.08.02"]
[Round "3.14"]
[White "Schröter, Sophie"]
[Black "Gail, Edgar"]
[Result "1-0"]
[WhiteElo "1202"]
[BlackElo "1538"]
[PlyCount "95"]
[EventDate "2015.??.??"]
[WhiteTeam "SG Porz e.V."]
[BlackTeam "Klub Kölner SF e.V. 1"]

1. e4 c5 2. Nc3 Nc6 3. Nf3 d6 4. Bb5 Bd7 5. d4 cxd4 6. Nxd4 Qc7 7. Nxc6 bxc6 8.
Bc4 e6 9. Qg4 Nf6 10. Qg3 Be7 11. O-O Qb7 12. Bg5 h6 13. Bxf6 gxf6 14. b3 O-O-O
15. Qd3 Kb8 16. Ba6 Qc7 17. Rad1 Rhg8 18. Qh3 d5 19. exd5 exd5 20. Qxh6 Rh8 21.
Qxh8 Rxh8 22. h3 Bxh3 23. gxh3 Rxh3 24. Rfe1 Qh2+ 25. Kf1 Bc5 26. Re8+ Kc7 27.
Rc8+ Kd7 28. Ne4 Qh1+ 29. Ke2 Qxe4+ 30. Kd2 Bb4+ 31. Kc1 Rc3 32. Bd3 Ba3+ 33.
Kb1 Qd4 34. Bf5+ Kd6 35. Rxd4 Ke5 36. Ra4 Bd6 37. Kb2 Rf3 38. Bd3 c5 39. Re8+
Be7 40. Rxe7+ Kd6 41. Rxf7 Rxf2 42. Raxa7 c4 43. bxc4 dxc4 44. Bxc4 f5 45. Rac7
f4 46. a4 f3 47. a5 Rd2 48. Rcd7+ 1-0